[Event "15e festival de Meurthe et Moselle Rapide"]
[Site "?"]
[Date "2017.02.19"]
[Round "5.3"]
[White "Iglesias, Joachim"]
[Black "Fressinet, Laurent"]
[Result "0-1"]
[LiveChessVersion "1.4.8"]
[BlackElo "2660"]
[WhiteElo "2273"]

1. d4 {[%clk 0:15:07]} Nf6 {[%clk 0:15:08]} 2. Nf3 {[%clk 0:15:10]} d5
{[%clk 0:15:06]} 3. e3 {[%clk 0:15:13]} Bf5 {[%clk 0:15:00]} 4. c4
{[%clk 0:15:16]} c6 {[%clk 0:15:03]} 5. cxd5 {[%clk 0:15:14]} cxd5
{[%clk 0:15:06]} 6. Qb3 {[%clk 0:15:18]} Qc7 {[%clk 0:15:03]} 7. Nc3
{[%clk 0:15:14]} e6 {[%clk 0:14:42]} 8. Bd2 {[%clk 0:14:16]} Nc6 {[%clk 0:14:28]}
9. Rc1 {[%clk 0:14:03]} a6 {[%clk 0:13:34]} 10. Be2 {[%clk 0:10:48]} Bd6
{[%clk 0:13:37]} 11. O-O {[%clk 0:10:34]} O-O {[%clk 0:13:35]} 12. h3
{[%clk 0:09:51]} h6 {[%clk 0:13:35]} 13. Rfd1 {[%clk 0:09:51]} Na5
{[%clk 0:10:25]} 14. Qa4 {[%clk 0:08:57]} b5 {[%clk 0:10:28]} 15. Bxb5
{[%clk 0:07:07]} axb5 {[%clk 0:10:21]} 16. Nxb5 {[%clk 0:07:07]} Qd7
{[%clk 0:09:57]} 17. Bxa5 {[%clk 0:06:52]} Rfb8 {[%clk 0:09:56]} 18. Ne5
{[%clk 0:04:00]} Bxe5 {[%clk 0:09:50]} 19. dxe5 {[%clk 0:03:57]} Rxb5
{[%clk 0:09:31]} 20. b4 {[%clk 0:03:22]} Rbxa5 {[%clk 0:07:23]} 21. Qxd7
{[%clk 0:03:05]} Nxd7 {[%clk 0:07:26]} 22. bxa5 {[%clk 0:03:08]} Rxa5
{[%clk 0:07:26]} 0-1

[Event "15e festival de Meurthe et Moselle Rapide"]
[Site "?"]
[Date "2017.02.19"]
[Round "5.4"]
[White "Jacquot, Adrien"]
[Black "Mullon, Jean-Baptiste"]
[Result "0-1"]
[LiveChessVersion "1.4.8"]
[BlackElo "2388"]
[WhiteElo "1936"]

1. d4 {[%clk 0:15:07]} Nf6 {[%clk 0:15:08]} 2. Bf4 {[%clk 0:15:11]} g6
{[%clk 0:15:04]} 3. e3 {[%clk 0:15:14]} Bg7 {[%clk 0:15:02]} 4. Be2
{[%clk 0:15:09]} d6 {[%clk 0:14:29]} 5. c3 {[%clk 0:15:03]} Nbd7 {[%clk 0:14:09]}
6. Nf3 {[%clk 0:14:57]} O-O {[%clk 0:14:03]} 7. Nbd2 {[%clk 0:13:49]} c5
{[%clk 0:13:59]} 8. h4 {[%clk 0:12:22]} b6 {[%clk 0:13:12]} 9. Bg3
{[%clk 0:11:24]} Bb7 {[%clk 0:13:05]} 10. O-O {[%clk 0:11:12]} Qe8
{[%clk 0:10:33]} 11. Ng5 {[%clk 0:09:55]} h6 {[%clk 0:10:19]} 12. Nh3
{[%clk 0:09:20]} e5 {[%clk 0:10:15]} 13. Nc4 {[%clk 0:06:48]} Ne4
{[%clk 0:10:15]} 14. Bf3 {[%clk 0:06:20]} Qe6 {[%clk 0:07:56]} 15. b3
{[%clk 0:02:56]} Rad8 {[%clk 0:07:35]} 16. Bh2 {[%clk 0:02:46]} Nxc3
{[%clk 0:07:20]} 17. Qc2 {[%clk 0:02:36]} Bxf3 {[%clk 0:07:18]} 18. Qxc3
{[%clk 0:02:35]} Ba8 {[%clk 0:06:40]} 19. Rad1 {[%clk 0:01:56]} d5
{[%clk 0:04:58]} 20. Nxe5 {[%clk 0:01:49]} Nxe5 {[%clk 0:03:53]} 21. dxe5
{[%clk 0:01:28]} Qg4 {[%clk 0:03:50]} 22. Bg3 {[%clk 0:01:27]} Rfe8
{[%clk 0:03:47]} 23. Kh2 {[%clk 0:01:03]} d4 {[%clk 0:03:42]} 24. exd4
{[%clk 0:01:05]} cxd4 {[%clk 0:03:46]} 25. Qb4 {[%clk 0:00:48]} Bxe5
{[%clk 0:03:40]} 26. f4 {[%clk 0:00:46]} Bf6 {[%clk 0:03:27]} 27. Nf2
{[%clk 0:00:38]} Qf5 {[%clk 0:03:27]} 28. Rfe1 {[%clk 0:00:34]} Qd5
{[%clk 0:03:24]} 29. Rxe8+ {[%clk 0:00:22]} Rxe8 {[%clk 0:03:26]} 30. Rg1
{[%clk 0:00:26]} Re3 {[%clk 0:03:22]} 31. Ng4 {[%clk 0:00:20]} Re6
{[%clk 0:02:27]} 32. Nxh6+ {[%clk 0:00:24]} Kg7 {[%clk 0:02:17]} 33. Ng4
{[%clk 0:00:23]} Be7 {[%clk 0:02:16]} 34. Qd2 {[%clk 0:00:25]} f6
{[%clk 0:01:27]} 35. Re1 {[%clk 0:00:25]} Rxe1 {[%clk 0:01:23]} 36. Bxe1
{[%clk 0:00:30]} d3 {[%clk 0:01:11]} 37. Ne3 {[%clk 0:00:31]} Qe4
{[%clk 0:01:11]} 38. Bg3 {[%clk 0:00:31]} Bc5 {[%clk 0:01:13]} 39. Nc4
{[%clk 0:00:12]} Bd5 {[%clk 0:00:49]} 40. Nb2 {[%clk 0:00:17]} Bb4
{[%clk 0:00:45]} 41. Qf2 {[%clk 0:00:11]} Bc3 {[%clk 0:00:47]} 42. Nd1
{[%clk 0:00:09]} Bd4 {[%clk 0:00:42]} 43. Qf3 {[%clk 0:00:07]} Qxf3
{[%clk 0:00:44]} 44. gxf3 {[%clk 0:00:11]} Bxf3 {[%clk 0:00:48]} 45. Nf2
{[%clk 0:00:12]} d2 {[%clk 0:00:52]} 0-1

[Event "15e festival de Meurthe et Moselle Rapide"]
[Site "?"]
[Date "2017.02.19"]
[Round "6.1"]
[White "Fridman, Daniel"]
[Black "Gurevich, Mikhail"]
[Result "0-1"]
[LiveChessVersion "1.4.8"]
[BlackElo "2549"]
[WhiteElo "2594"]

1. d4 {[%clk 0:15:07]} f5 {[%clk 0:15:09]} 2. g3 {[%clk 0:15:11]} Nf6
{[%clk 0:15:13]} 3. Bg2 {[%clk 0:15:14]} d6 {[%clk 0:15:16]} 4. c3
{[%clk 0:15:16]} Nc6 {[%clk 0:15:01]} 5. d5 {[%clk 0:15:04]} Ne5 {[%clk 0:15:04]}
6. Nh3 {[%clk 0:15:07]} g6 {[%clk 0:14:55]} 7. O-O {[%clk 0:15:09]} Bg7
{[%clk 0:15:00]} 8. Nf4 {[%clk 0:15:10]} O-O {[%clk 0:15:01]} 9. Qb3
{[%clk 0:15:02]} Kh8 10. Na3 Rb8 {[%clk 0:10:45]} 11. Nb5 {[%clk 0:13:53]} c5
{[%clk 0:09:40]} 12. Nxa7 {[%clk 0:13:11]} Bd7 {[%clk 0:09:41]} 13. Nb5
{[%clk 0:13:13]} Qa5 {[%clk 0:09:29]} 14. a4 {[%clk 0:13:02]} c4 {[%clk 0:07:40]}
15. Qb4 {[%clk 0:13:05]} Qxb4 {[%clk 0:06:58]} 16. cxb4 {[%clk 0:13:08]} Bxb5
{[%clk 0:06:51]} 17. axb5 {[%clk 0:13:12]} Rfc8 {[%clk 0:06:36]} 18. Be3
{[%clk 0:11:58]} Ne4 {[%clk 0:06:28]} 19. Ba7 {[%clk 0:08:50]} Ra8
{[%clk 0:06:29]} 20. Bd4 {[%clk 0:08:30]} Nd2 {[%clk 0:05:43]} 21. Rxa8
{[%clk 0:08:33]} Rxa8 {[%clk 0:05:47]} 22. Rd1 {[%clk 0:08:37]} Nb3
{[%clk 0:05:38]} 23. Bc3 {[%clk 0:08:40]} Nd7 {[%clk 0:05:35]} 24. e4
{[%clk 0:07:51]} fxe4 {[%clk 0:05:21]} 25. Bxe4 {[%clk 0:07:52]} Nb6
{[%clk 0:05:16]} 26. Re1 {[%clk 0:05:45]} Ra1 {[%clk 0:04:23]} 27. Rxa1
{[%clk 0:02:05]} Nxa1 {[%clk 0:04:25]} 28. Bf3 {[%clk 0:01:36]} Na4
{[%clk 0:04:14]} 29. Be2 {[%clk 0:01:39]} Bxc3 {[%clk 0:03:32]} 30. bxc3
{[%clk 0:01:42]} Nxc3 {[%clk 0:03:35]} 31. Bxc4 {[%clk 0:01:46]} Nc2
{[%clk 0:03:39]} 32. b6 {[%clk 0:01:01]} Nxb4 {[%clk 0:03:39]} 33. Bb3
{[%clk 0:01:05]} Kg7 {[%clk 0:03:28]} 34. Ne6+ {[%clk 0:00:25]} Kf6
{[%clk 0:03:32]} 35. Nc7 {[%clk 0:00:13]} Ke5 {[%clk 0:03:17]} 36. f4+
{[%clk 0:00:17]} Ke4 {[%clk 0:02:46]} 37. Ne6 {[%clk 0:00:21]} h6
{[%clk 0:01:51]} 38. h4 {[%clk 0:00:25]} Ncxd5 {[%clk 0:01:45]} 39. Nd8
{[%clk 0:00:22]} Nxb6 {[%clk 0:01:34]} 40. Nxb7 {[%clk 0:00:25]} N6d5
{[%clk 0:01:05]} 41. Nd8 {[%clk 0:00:29]} Ne3 {[%clk 0:00:32]} 42. Kh2
{[%clk 0:00:29]} Nd3 {[%clk 0:00:29]} 43. Ne6 {[%clk 0:00:18]} Kf3
{[%clk 0:00:27]} 44. Nd4+ {[%clk 0:00:22]} Kf2 {[%clk 0:00:30]} 45. Be6
{[%clk 0:00:26]} Nf1+ {[%clk 0:00:32]} 46. Kh3 {[%clk 0:00:30]} Nxg3
{[%clk 0:00:36]} 47. Kg4 {[%clk 0:00:27]} Ne4 {[%clk 0:00:37]} 48. f5
{[%clk 0:00:11]} Nf6+ {[%clk 0:00:40]} 49. Kh3 {[%clk 0:00:14]} Nf4+
{[%clk 0:00:38]} 50. Kh2 {[%clk 0:00:18]} Ng4+ {[%clk 0:00:40]} 51. Kh1
{[%clk 0:00:22]} Nh5 {[%clk 0:00:42]} 52. Ne2 {[%clk 0:00:24]} Kxe2
{[%clk 0:00:40]} 53. fxg6 {[%clk 0:00:28]} Ngf6 {[%clk 0:00:35]} 0-1

[Event "15e festival de Meurthe et Moselle Rapide"]
[Site "?"]
[Date "2017.02.19"]
[Round "6.2"]
[White "Fressinet, Laurent"]
[Black "Mullon, Jean-Baptiste"]
[Result "1-0"]
[LiveChessVersion "1.4.8"]
[BlackElo "2388"]
[WhiteElo "2660"]

1. d4 {[%clk 0:15:04]} Nf6 {[%clk 0:15:05]} 2. Nf3 {[%clk 0:15:07]} b6
{[%clk 0:15:08]} 3. c4 {[%clk 0:14:59]} Bb7 {[%clk 0:15:10]} 4. g3
{[%clk 0:15:03]} e6 {[%clk 0:15:08]} 5. Bg2 {[%clk 0:15:06]} Be7 {[%clk 0:15:09]}
6. O-O {[%clk 0:14:57]} O-O {[%clk 0:15:11]} 7. Nc3 {[%clk 0:15:00]} Ne4
{[%clk 0:15:07]} 8. Qc2 {[%clk 0:15:03]} Nxc3 {[%clk 0:15:06]} 9. Qxc3
{[%clk 0:15:05]} c5 {[%clk 0:15:04]} 10. Qc2 {[%clk 0:14:00]} Bxf3
{[%clk 0:14:05]} 11. Bxf3 {[%clk 0:13:43]} Nc6 {[%clk 0:14:05]} 12. dxc5
{[%clk 0:12:32]} Nd4 {[%clk 0:13:43]} 13. Qd3 {[%clk 0:12:35]} Nxf3+
{[%clk 0:13:46]} 14. Qxf3 {[%clk 0:12:17]} Bxc5 {[%clk 0:13:33]} 15. Rd1
{[%clk 0:12:03]} Qe7 {[%clk 0:11:43]} 16. b3 {[%clk 0:11:52]} Rab8
{[%clk 0:10:21]} 17. Bb2 {[%clk 0:11:20]} Rfd8 {[%clk 0:10:15]} 18. Rac1
{[%clk 0:10:59]} Ba3 {[%clk 0:10:08]} 19. Bxa3 {[%clk 0:10:54]} Qxa3
{[%clk 0:10:11]} 20. Rc2 {[%clk 0:10:58]} Qc5 {[%clk 0:09:23]} 21. Rcd2
{[%clk 0:10:32]} Qc7 {[%clk 0:07:42]} 22. Rd6 {[%clk 0:10:34]} b5
{[%clk 0:07:07]} 23. cxb5 {[%clk 0:10:27]} Rxb5 {[%clk 0:07:04]} 24. Rxd7
{[%clk 0:10:07]} Rbb8 1-0

[Event "15e festival de Meurthe et Moselle Rapide"]
[Site "?"]
[Date "2017.02.19"]
[Round "6.3"]
[White "Micottis, Dorian"]
[Black "Nevednichy, Vladislav"]
[Result "0-1"]
[LiveChessVersion "1.4.8"]
[BlackElo "2548"]
[WhiteElo "2241"]

1. e4 {[%clk 0:15:09]} d6 {[%clk 0:14:45]} 2. d4 {[%clk 0:15:12]} Nf6
{[%clk 0:14:49]} 3. Nc3 {[%clk 0:15:15]} e5 {[%clk 0:14:53]} 4. Nf3
{[%clk 0:15:09]} Nbd7 {[%clk 0:14:56]} 5. Bc4 {[%clk 0:15:10]} Be7
{[%clk 0:14:57]} 6. a4 {[%clk 0:15:12]} O-O {[%clk 0:14:55]} 7. O-O
{[%clk 0:15:15]} a6 {[%clk 0:14:43]} 8. a5 {[%clk 0:14:55]} exd4 {[%clk 0:14:14]}
9. Qxd4 {[%clk 0:14:55]} Nc5 {[%clk 0:13:05]} 10. h3 {[%clk 0:14:48]} Be6
{[%clk 0:12:31]} 11. Re1 {[%clk 0:13:17]} h6 {[%clk 0:09:39]} 12. Bf4
{[%clk 0:12:18]} Nh5 {[%clk 0:09:00]} 13. Bh2 {[%clk 0:12:15]} Re8
{[%clk 0:08:33]} 14. Rad1 {[%clk 0:11:37]} Qc8 {[%clk 0:08:14]} 15. b4
{[%clk 0:10:54]} Bxc4 {[%clk 0:08:00]} 16. Qxc4 {[%clk 0:10:57]} Ne6
{[%clk 0:08:01]} 17. Nd5 {[%clk 0:10:46]} Nf6 {[%clk 0:07:56]} 18. Nxe7+
{[%clk 0:09:49]} Rxe7 {[%clk 0:08:00]} 19. e5 {[%clk 0:09:51]} dxe5
{[%clk 0:07:43]} 20. Bxe5 {[%clk 0:09:52]} Nh7 {[%clk 0:06:01]} 21. Bg3
{[%clk 0:08:40]} Qe8 {[%clk 0:05:23]} 22. Qe4 {[%clk 0:07:43]} Qb5
{[%clk 0:04:48]} 23. c3 {[%clk 0:06:54]} Rae8 {[%clk 0:04:44]} 24. Bh4
{[%clk 0:05:01]} Nhg5 {[%clk 0:04:20]} 25. Nxg5 {[%clk 0:03:21]} hxg5
{[%clk 0:03:51]} 26. Bg3 {[%clk 0:03:21]} f5 {[%clk 0:02:36]} 27. Qd5
{[%clk 0:02:42]} Qxd5 {[%clk 0:02:31]} 28. Rxd5 {[%clk 0:02:46]} f4
{[%clk 0:02:34]} 29. Bh2 {[%clk 0:02:50]} Kf7 {[%clk 0:02:29]} 30. g3
{[%clk 0:02:14]} Kg6 {[%clk 0:01:52]} 31. Rde5 {[%clk 0:02:02]} Kf6
{[%clk 0:01:31]} 32. Kg2 {[%clk 0:01:22]} c5 {[%clk 0:01:02]} 33. R5e4
{[%clk 0:01:22]} cxb4 {[%clk 0:00:59]} 34. cxb4 {[%clk 0:01:26]} Nc7
{[%clk 0:00:33]} 35. Rxe7 {[%clk 0:01:18]} Rxe7 36. Rxe7 {[%clk 0:01:20]} Kxe7
{[%clk 0:00:42]} 37. gxf4 {[%clk 0:01:24]} Nd5 {[%clk 0:00:46]} 38. fxg5
{[%clk 0:01:21]} Nxb4 {[%clk 0:00:50]} 39. Be5 {[%clk 0:01:14]} g6
{[%clk 0:00:53]} 40. h4 {[%clk 0:01:03]} Nd5 {[%clk 0:00:46]} 41. Kg3
{[%clk 0:00:59]} b6 {[%clk 0:00:43]} 42. axb6 {[%clk 0:01:01]} Nxb6
{[%clk 0:00:47]} 43. Bc3 {[%clk 0:00:52]} Nc4 {[%clk 0:00:45]} 44. Kg4
{[%clk 0:00:38]} a5 {[%clk 0:00:32]} 45. h5 {[%clk 0:00:42]} gxh5+
{[%clk 0:00:31]} 46. Kxh5 {[%clk 0:00:45]} Kf7 {[%clk 0:00:33]} 47. Kh6
{[%clk 0:00:44]} Kg8 {[%clk 0:00:32]} 48. f4 {[%clk 0:00:41]} a4 {[%clk 0:00:36]}
49. f5 {[%clk 0:00:35]} a3 {[%clk 0:00:24]} 50. f6 {[%clk 0:00:39]} a2
{[%clk 0:00:19]} 51. g6 {[%clk 0:00:35]} Nd6 {[%clk 0:00:23]} 52. Be5
{[%clk 0:00:23]} Nf5+ {[%clk 0:00:16]} 53. Kg5 {[%clk 0:00:27]} Nd6
{[%clk 0:00:21]} 54. Bxd6 {[%clk 0:00:25]} 0-1

[Event "15e festival de Meurthe et Moselle Rapide"]
[Site "?"]
[Date "2017.02.19"]
[Round "6.4"]
[White "Shchekachev, Andrei"]
[Black "Malglaive, Jean-Louis"]
[Result "1-0"]
[LiveChessVersion "1.4.8"]
[BlackElo "1880"]
[WhiteElo "2552"]

1. Nf3 {[%clk 0:15:08]} g6 {[%clk 0:15:09]} 2. e4 {[%clk 0:14:59]} d6
{[%clk 0:15:02]} 3. d4 {[%clk 0:14:58]} Bg7 {[%clk 0:14:43]} 4. c3
{[%clk 0:14:47]} Nf6 {[%clk 0:14:24]} 5. Bd3 {[%clk 0:14:50]} O-O
{[%clk 0:14:13]} 6. O-O {[%clk 0:14:51]} Nc6 {[%clk 0:14:04]} 7. h3
{[%clk 0:14:52]} e5 {[%clk 0:13:57]} 8. Re1 {[%clk 0:14:55]} Ne8 {[%clk 0:13:41]}
9. Bg5 {[%clk 0:14:07]} Qd7 {[%clk 0:13:04]} 10. Bb5 {[%clk 0:13:34]} a6
{[%clk 0:13:04]} 11. Ba4 {[%clk 0:13:36]} b5 {[%clk 0:13:00]} 12. Bb3
{[%clk 0:13:09]} h6 {[%clk 0:12:27]} 13. Bh4 {[%clk 0:12:54]} Kh7
{[%clk 0:11:45]} 14. a4 {[%clk 0:12:45]} Rb8 {[%clk 0:11:21]} 15. axb5
{[%clk 0:12:45]} axb5 {[%clk 0:11:24]} 16. Bg3 {[%clk 0:11:50]} f5
{[%clk 0:10:30]} 17. exf5 {[%clk 0:11:08]} Qxf5 {[%clk 0:10:16]} 18. Bc2
{[%clk 0:10:33]} Qh5 {[%clk 0:10:06]} 19. dxe5 {[%clk 0:09:45]} Bxh3
{[%clk 0:09:23]} 20. Be4 {[%clk 0:08:59]} Ne7 {[%clk 0:08:14]} 21. gxh3
{[%clk 0:08:57]} d5 {[%clk 0:08:02]} 22. Nd4 {[%clk 0:07:06]} Qxd1
{[%clk 0:07:11]} 23. Rxd1 {[%clk 0:07:09]} dxe4 {[%clk 0:07:14]} 24. Ne6
{[%clk 0:06:58]} Rf7 {[%clk 0:06:30]} 25. Rd7 {[%clk 0:06:56]} Rc8
{[%clk 0:05:14]} 26. Nd4 {[%clk 0:05:57]} Bf8 {[%clk 0:04:47]} 27. Nd2
{[%clk 0:05:18]} Kg8 {[%clk 0:04:24]} 28. e6 {[%clk 0:04:48]} Rh7
{[%clk 0:03:58]} 29. Nxe4 {[%clk 0:04:50]} Nf5 {[%clk 0:03:19]} 30. Nc6
{[%clk 0:04:17]} Bd6 {[%clk 0:02:17]} 31. Ra7 {[%clk 0:03:55]} 1-0

[Event "15e festival de Meurthe et Moselle Rapide"]
[Site "?"]
[Date "2017.02.19"]
[Round "7.1"]
[White "Gurevich, Mikhail"]
[Black "Micottis, Dorian"]
[Result "1-0"]
[LiveChessVersion "1.4.8"]
[BlackElo "2241"]
[WhiteElo "2549"]

1. c4 {[%clk 0:15:08]} g6 {[%clk 0:15:08]} 2. Nc3 {[%clk 0:15:10]} c5
{[%clk 0:15:11]} 3. g3 {[%clk 0:15:13]} Bg7 {[%clk 0:15:15]} 4. Bg2
{[%clk 0:15:17]} Nc6 {[%clk 0:15:19]} 5. Rb1 {[%clk 0:15:21]} d6 {[%clk 0:15:17]}
6. a3 {[%clk 0:15:24]} Bf5 {[%clk 0:15:05]} 7. d3 {[%clk 0:15:26]} h5
{[%clk 0:14:33]} 8. h3 {[%clk 0:15:16]} Rc8 {[%clk 0:13:29]} 9. Bd2
{[%clk 0:15:00]} Nf6 {[%clk 0:13:11]} 10. b4 {[%clk 0:14:32]} b6 {[%clk 0:12:18]}
11. Nf3 {[%clk 0:13:50]} O-O {[%clk 0:11:54]} 12. O-O {[%clk 0:13:40]} Qd7
{[%clk 0:09:34]} 13. Kh2 {[%clk 0:13:42]} Nd4 {[%clk 0:08:31]} 14. Nh4
{[%clk 0:10:01]} Rfd8 {[%clk 0:07:16]} 15. e4 {[%clk 0:08:48]} Be6
{[%clk 0:07:19]} 16. b5 {[%clk 0:07:57]} Rf8 {[%clk 0:05:58]} 17. f4
{[%clk 0:07:55]} Qe8 {[%clk 0:05:46]} 18. f5 {[%clk 0:07:31]} Bd7
{[%clk 0:05:13]} 19. Ne2 {[%clk 0:06:25]} Nxe2 {[%clk 0:04:15]} 20. Qxe2
{[%clk 0:06:27]} e6 {[%clk 0:04:19]} 21. fxg6 {[%clk 0:05:09]} fxg6
{[%clk 0:04:22]} 22. e5 {[%clk 0:04:45]} dxe5 {[%clk 0:04:24]} 23. Be4
{[%clk 0:03:55]} Nxe4 {[%clk 0:03:40]} 24. Qxe4 {[%clk 0:03:53]} Rxf1
{[%clk 0:02:32]} 25. Rxf1 {[%clk 0:03:56]} Kh7 {[%clk 0:02:35]} 26. g4
{[%clk 0:03:55]} hxg4 {[%clk 0:02:16]} 27. hxg4 {[%clk 0:03:58]} Rc7
{[%clk 0:02:03]} 28. Kg3 {[%clk 0:03:19]} Bc8 {[%clk 0:02:07]} 29. Nxg6
{[%clk 0:03:22]} Bb7 {[%clk 0:01:44]} 30. Nf8+ {[%clk 0:03:22]} 1-0

[Event "15e festival de Meurthe et Moselle Rapide"]
[Site "?"]
[Date "2017.02.19"]
[Round "7.2"]
[White "Fressinet, Laurent"]
[Black "Fridman, Daniel"]
[Result "1/2-1/2"]
[LiveChessVersion "1.4.8"]
[BlackElo "2594"]
[WhiteElo "2660"]

1. d4 {[%clk 0:15:08]} Nf6 {[%clk 0:15:09]} 2. Nf3 {[%clk 0:15:09]} e6
{[%clk 0:15:13]} 3. c4 {[%clk 0:15:12]} d5 {[%clk 0:15:17]} 4. Nc3
{[%clk 0:15:16]} Be7 {[%clk 0:15:21]} 5. Bg5 {[%clk 0:15:18]} h6 {[%clk 0:15:25]}
6. Bh4 {[%clk 0:15:22]} O-O {[%clk 0:15:28]} 7. e3 {[%clk 0:15:25]} Ne4
{[%clk 0:15:31]} 8. Bxe7 {[%clk 0:15:28]} Qxe7 {[%clk 0:15:35]} 9. Rc1
{[%clk 0:15:31]} c6 {[%clk 0:15:39]} 10. Qc2 {[%clk 0:15:34]} Nxc3
{[%clk 0:15:23]} 11. Qxc3 {[%clk 0:15:36]} Nd7 {[%clk 0:15:15]} 12. Be2
{[%clk 0:15:38]} dxc4 {[%clk 0:15:00]} 13. Qxc4 {[%clk 0:15:40]} e5
{[%clk 0:15:01]} 14. O-O {[%clk 0:15:42]} exd4 {[%clk 0:14:54]} 15. Nxd4
{[%clk 0:15:36]} Nf6 {[%clk 0:14:28]} 16. Bf3 {[%clk 0:15:15]} Be6
{[%clk 0:14:04]} 17. Nxe6 {[%clk 0:13:41]} Qxe6 {[%clk 0:14:07]} 18. Qb4
{[%clk 0:12:34]} Rab8 {[%clk 0:13:37]} 19. Qa5 {[%clk 0:12:02]} Qe7
{[%clk 0:13:19]} 20. b4 {[%clk 0:11:06]} a6 {[%clk 0:10:02]} 21. Rfd1
{[%clk 0:10:43]} Rfd8 {[%clk 0:10:05]} 22. a3 {[%clk 0:10:43]} Kf8
{[%clk 0:09:52]} 23. h3 {[%clk 0:09:00]} Nd7 {[%clk 0:09:37]} 24. Qf5
{[%clk 0:08:18]} Nf6 {[%clk 0:09:09]} 25. Qf4 {[%clk 0:07:37]} Rxd1+
{[%clk 0:08:51]} 26. Rxd1 {[%clk 0:07:42]} Rd8 {[%clk 0:08:54]} 27. Rxd8+
{[%clk 0:07:01]} Qxd8 {[%clk 0:08:58]} 28. a4 {[%clk 0:07:05]} Ne8
{[%clk 0:06:38]} 29. Qc4 {[%clk 0:06:26]} Qd6 {[%clk 0:06:25]} 30. b5
{[%clk 0:05:33]} cxb5 {[%clk 0:05:38]} 31. axb5 {[%clk 0:05:37]} Nc7
{[%clk 0:05:41]} 32. bxa6 {[%clk 0:05:18]} bxa6 {[%clk 0:05:44]} 33. Qc3
{[%clk 0:05:17]} Ne6 {[%clk 0:05:04]} 34. Be2 {[%clk 0:05:11]} Qc5
{[%clk 0:04:44]} 35. Qb3 {[%clk 0:04:05]} a5 {[%clk 0:04:46]} 36. Bc4
{[%clk 0:04:04]} Qb4 {[%clk 0:04:21]} 37. Bxe6 {[%clk 0:03:04]} fxe6
{[%clk 0:04:25]} 38. Qxe6 {[%clk 0:03:07]} a4 {[%clk 0:04:27]} 39. Qc8+
{[%clk 0:03:04]} Ke7 {[%clk 0:04:10]} 40. Qc7+ {[%clk 0:03:04]} Kf8
{[%clk 0:04:12]} 41. Qc8+ {[%clk 0:03:07]} Ke7 {[%clk 0:04:16]} 42. Qc7+
{[%clk 0:03:08]} Kf8 1/2-1/2

[Event "15e festival de Meurthe et Moselle Rapide"]
[Site "?"]
[Date "2017.02.19"]
[Round "7.3"]
[White "Moucheroud, Jeremy"]
[Black "Shchekachev, Andrei"]
[Result "1/2-1/2"]
[LiveChessVersion "1.4.8"]
[BlackElo "2552"]
[WhiteElo "2197"]

1. e4 {[%clk 0:15:08]} c5 {[%clk 0:15:07]} 2. Nf3 {[%clk 0:15:11]} e6
{[%clk 0:15:09]} 3. d4 {[%clk 0:15:14]} cxd4 {[%clk 0:15:10]} 4. Nxd4
{[%clk 0:15:17]} a6 {[%clk 0:15:13]} 5. Nc3 {[%clk 0:15:20]} Qc7 {[%clk 0:15:14]}
6. Be2 {[%clk 0:15:24]} Nf6 {[%clk 0:15:04]} 7. O-O {[%clk 0:15:26]} d6
{[%clk 0:15:02]} 8. f4 {[%clk 0:15:21]} Be7 {[%clk 0:14:37]} 9. Kh1
{[%clk 0:15:13]} Nbd7 {[%clk 0:13:53]} 10. a4 {[%clk 0:14:29]} b6
{[%clk 0:12:40]} 11. Qe1 {[%clk 0:12:53]} Bb7 {[%clk 0:12:37]} 12. Bd3
{[%clk 0:12:04]} O-O {[%clk 0:12:00]} 13. Bd2 {[%clk 0:11:43]} Nc5
{[%clk 0:11:00]} 14. b4 {[%clk 0:10:59]} Nxd3 {[%clk 0:11:03]} 15. cxd3
{[%clk 0:11:03]} Nd7 {[%clk 0:11:06]} 1/2-1/2

[Event "15e festival de Meurthe et Moselle Rapide"]
[Site "?"]
[Date "2017.02.19"]
[Round "7.4"]
[White "Doluhanova, Evgeniya"]
[Black "Zatonskih, Anna"]
[Result "0-1"]
[LiveChessVersion "1.4.8"]
[BlackElo "2443"]
[WhiteElo "2259"]

1. e4 {[%clk 0:15:09]} d5 {[%clk 0:15:07]} 2. exd5 {[%clk 0:15:10]} Qxd5
{[%clk 0:15:11]} 3. Nc3 {[%clk 0:15:12]} Qd6 {[%clk 0:15:15]} 4. d4
{[%clk 0:15:12]} c6 {[%clk 0:15:19]} 5. Nf3 {[%clk 0:15:05]} Bg4 {[%clk 0:15:22]}
6. Be3 {[%clk 0:14:46]} Nf6 {[%clk 0:15:19]} 7. h3 {[%clk 0:14:47]} Bh5
{[%clk 0:15:23]} 8. Bc4 {[%clk 0:14:27]} e6 {[%clk 0:14:40]} 9. Qe2
{[%clk 0:14:05]} Nbd7 {[%clk 0:14:37]} 10. O-O-O {[%clk 0:14:01]} Be7
{[%clk 0:12:19]} 11. g4 {[%clk 0:12:59]} Bg6 {[%clk 0:12:23]} 12. Ne5
{[%clk 0:10:15]} Nxe5 {[%clk 0:09:56]} 13. dxe5 {[%clk 0:10:18]} Qxe5
{[%clk 0:09:59]} 14. f4 {[%clk 0:10:14]} Qc7 {[%clk 0:09:15]} 15. h4
{[%clk 0:09:54]} h5 {[%clk 0:08:38]} 16. f5 {[%clk 0:07:48]} exf5
{[%clk 0:08:41]} 17. g5 {[%clk 0:06:17]} Ne4 {[%clk 0:07:49]} 18. Rhf1
{[%clk 0:05:49]} Nxc3 {[%clk 0:06:11]} 19. bxc3 {[%clk 0:05:52]} O-O
{[%clk 0:06:14]} 20. Bd4 {[%clk 0:05:25]} Ba3+ {[%clk 0:06:03]} 21. Kb1
{[%clk 0:05:27]} Rfe8 {[%clk 0:06:02]} 22. Qf3 {[%clk 0:04:58]} c5
{[%clk 0:05:26]} 23. Bf2 {[%clk 0:04:55]} Qb6+ {[%clk 0:04:41]} 24. Bb3
{[%clk 0:04:58]} a5 {[%clk 0:04:46]} 25. Rd7 {[%clk 0:04:45]} a4 {[%clk 0:04:10]}
26. Rxb7 {[%clk 0:04:43]} Qa6 {[%clk 0:04:08]} 0-1

[Event "15e festival de Meurthe et Moselle Rapide"]
[Site "?"]
[Date "2017.02.19"]
[Round "8.1"]
[White "Gurevich, Mikhail"]
[Black "Fressinet, Laurent"]
[Result "1/2-1/2"]
[LiveChessVersion "1.4.8"]
[BlackElo "2660"]
[WhiteElo "2549"]

1. c4 {[%clk 0:15:03]} Nf6 {[%clk 0:15:08]} 2. Nc3 {[%clk 0:15:05]} e5
{[%clk 0:15:06]} 3. Nf3 {[%clk 0:15:07]} Nc6 {[%clk 0:15:10]} 4. a3
{[%clk 0:15:11]} g6 {[%clk 0:15:07]} 5. g3 {[%clk 0:15:14]} Bg7 {[%clk 0:15:09]}
6. Bg2 {[%clk 0:15:18]} O-O {[%clk 0:15:11]} 7. O-O {[%clk 0:15:22]} d6
{[%clk 0:15:14]} 8. d3 {[%clk 0:15:24]} Nd4 {[%clk 0:15:04]} 9. Nd2
{[%clk 0:15:25]} c6 {[%clk 0:14:44]} 10. e3 {[%clk 0:15:28]} Ne6 {[%clk 0:14:45]}
11. Nf3 {[%clk 0:15:32]} Re8 {[%clk 0:14:03]} 12. Rb1 {[%clk 0:15:00]} a5
{[%clk 0:13:18]} 13. b4 {[%clk 0:14:21]} axb4 {[%clk 0:12:30]} 14. axb4
{[%clk 0:14:23]} Qc7 {[%clk 0:10:33]} 15. b5 {[%clk 0:10:56]} Nc5
{[%clk 0:09:54]} 16. bxc6 {[%clk 0:09:59]} bxc6 {[%clk 0:09:58]} 17. d4
{[%clk 0:09:58]} Nce4 {[%clk 0:09:31]} 18. Nxe4 {[%clk 0:09:35]} Nxe4
{[%clk 0:09:34]} 19. Bb2 {[%clk 0:09:38]} Rb8 {[%clk 0:07:49]} 20. Ba1
{[%clk 0:09:11]} Rxb1 {[%clk 0:07:26]} 21. Qxb1 {[%clk 0:09:15]} exd4
{[%clk 0:07:29]} 22. Bxd4 {[%clk 0:09:17]} Bxd4 {[%clk 0:06:29]} 23. exd4
{[%clk 0:09:21]} Bg4 {[%clk 0:05:22]} 1/2-1/2